LEADER 02553nam0 22004693i 450 001 VAN00212763 005 20240806101234.841 017 70$2N$a9789811330926 100 $a20210916d2018 |0itac50 ba 101 $aeng 102 $aSG 105 $a|||| ||||| 200 1 $aSix-Dimensional Superconformal Field Theories and Their Torus Compactifications$eDoctoral Thesis accepted by the University of Tokyo, Tokyo, Japan$fKantaro Ohmori 210 $aSingapore$cSpringer$d2018 215 $axii, 115 p.$cill.$d24 cm 410 1$1001VAN00104193$12001 $aSpringer theses$erecognizing outstanding Ph.D. research$1210 $aBerlin$cSpringer$d2010- 500 1$3VAN00212764$aSix-Dimensional Superconformal Field Theories and Their Torus Compactifications$91868325 606 $a00A79 (77-XX)$xPhysics [MSC 2020]$3VANC023182$2MF 606 $a81-XX$xQuantum theory [MSC 2020]$3VANC019967$2MF 606 $a81T30$xString and superstring theories; other extended objects (e.g., branes) in quantum field theory [MSC 2020]$3VANC021514$2MF 606 $a81T33$xDimensional compactification in quantum field theory [MSC 2020]$3VANC036537$2MF 606 $a81T40$xTwo-dimensional field theories, conformal field theories, etc. in quantum mechanics [MSC 2020]$3VANC023981$2MF 606 $a81T60$xSupersymmetric field theories in quantum mechanics [MSC 2020]$3VANC034036$2MF 610 $a6d N=(1,0) Theory on a Torus$9KW:K 610 $aAnomaly Cancellation$9KW:K 610 $aCompactifications of Higgsable Theories$9KW:K 610 $aFractionalization of M5-branes$9KW:K 610 $aIntricate M-Theory Background$9KW:K 610 $aSuperconformal Field Theory$9KW:K 610 $aSupersymmetric Yang-Mills Theory$9KW:K 610 $aTorus Compactifications and Class S Theories$9KW:K 620 $aSG$dSingapore$3VANL000061 700 1$aOhmori$bKantaro$3VANV182901$0835969 712 $aSpringer $3VANV108073$4650 801 $aIT$bSOL$c20241115$gRICA 856 4 $uhttp://doi.org/10.1007/978-981-13-3092-6$zE-book ? Accesso al full-text attraverso riconoscimento IP di Ateneo, proxy e/o Shibboleth 899 $aBIBLIOTECA DEL DIPARTIMENTO DI MATEMATICA E FISICA$1IT-CE0120$2VAN08 912 $fN 912 $aVAN00212763 950 $aBIBLIOTECA DEL DIPARTIMENTO DI MATEMATICA E FISICA$d08DLOAD e-book 3801 $e08eMF3801 20210916 996 $aSix-Dimensional Superconformal Field Theories and Their Torus Compactifications$91868325 997 $aUNICAMPANIA LEADER 02258nam0 2200541 i 450 001 VAN00124609 005 20250217041851.102 017 70$2N$a9783319940632 100 $a20191022d2018 |0itac50 ba 101 $aeng 102 $aCH 105 $a|||| ||||| 200 1 $aComplex Analysis with Applications$fNakhlé H. Asmar, Loukas Grafakos 210 $aCham$cSpringer$d2018 215 $aviii, 494 p.$cill.$d24 cm 410 1$1001VAN00024019$12001 $aUndergraduate texts in mathematics$1210 $aBerlin [etc.]$cSpringer$d1958- 500 1$3VAN00236171$aComplex Analysis with Applications$91564682 606 $a97-XX$xMathematics education [MSC 2020]$3VANC023813$2MF 606 $a97I80$xComplex analysis (educational aspects) [MSC 2020]$3VANC033637$2MF 610 $aApplications complex analysis$9KW:K 610 $aCauchy integral theorem$9KW:K 610 $aCauchy residue theorem$9KW:K 610 $aCauchy-Goursat theorem$9KW:K 610 $aCauchy-Riemann equations$9KW:K 610 $aComplex Analysis$9KW:K 610 $aComplex plane$9KW:K 610 $aComposed mapping$9KW:K 610 $aConformal mappings$9KW:K 610 $aContours in the complex plane$9KW:K 610 $aHarmonic Functions$9KW:K 610 $aLaplace equation$9KW:K 610 $aMaximum modulus principle$9KW:K 610 $aPolar form$9KW:K 610 $aSchwarz lemma$9KW:K 610 $aSchwarz-Christoffel transformation$9KW:K 610 $aTrigonometric functions$9KW:K 620 $aCH$dCham$3VANL001889 700 1$aAsmar$bNakhlé H.$3VANV096045$0768221 701 1$aGrafakos$bLoukas$3VANV070194$0298204 712 $aSpringer $3VANV108073$4650 801 $aIT$bSOL$c20250221$gRICA 856 4 $uhttp://doi.org/10.1007/978-3-319-94063-2$zE-book ? Accesso al full-text attraverso riconoscimento IP di Ateneo, proxy e/o Shibboleth 899 $aBIBLIOTECA DEL DIPARTIMENTO DI MATEMATICA E FISICA$1IT-CE0120$2VAN08 912 $fN 912 $aVAN00124609 950 $aBIBLIOTECA DEL DIPARTIMENTO DI MATEMATICA E FISICA$d08DLOAD e-book 1072 $e08eMF1072 20191022 996 $aComplex Analysis with Applications$91564682 997 $aUNICAMPANIA